Notas sobre las posibilidades de reproducción de la fuerza de trabajo en Costa Rica

Guardat en:
Dades bibliogràfiques
Autor principal: Quevedo Reyes, Santiago
Format: Text
Publicat: San José: ACAS. CSUCA
Etiquetes: Afegir etiqueta
Sense etiquetes, Sigues el primer a etiquetar aquest registre!

MARC

LEADER 00000 a a2200000 04500
001 17104
003
040
090 |a 007200  
100 |a Quevedo Reyes, Santiago  
245 |a Notas sobre las posibilidades de reproducción de la fuerza de trabajo en Costa Rica  
260 |a San José:   |b ACAS. CSUCA  
300 |a 72 p.  
999 |c 13502  |d 13502